000 00868nam a2200241 i 4500
001 187677
003 ES-MaACL
005 20230906223013.0
008 180115s1933 fr |||| | fre d
080 _a821.133.1-31"19"
100 1 _aGalsworthy, John (
_d1867-1933)
_953675
245 1 3 _aLe singe blanc /
_cJohn Galsworthy ; roman traduit de l'anglais par Madame Claireau.
260 _aParis :
_bCalmann-Lévy,
_c1933.
300 _a2 v.(202, 194 p.) ;
_c19 cm.
490 1 _aComédie moderne
490 1 _aCollection nouvelle
594 _aEn v. 2: "suivi de déclaration sans paroles"
700 1 _aClaireau, Hélène (
_d1887-1960?)
_9164053
830 0 _aComédie moderne
_9233540
830 0 _aCollection nouvelle
_9192812
852 _aES-MaACL
_jL-31848-49
_z. - Donat. herederos de la bibl. de Mª del Pilar Costa Palacín
999 _c187677
_d187677